| 000 | 00439nam a2200169Ia 4500 | ||
|---|---|---|---|
| 003 | GCL | ||
| 008 | 140319s9999 xx 000 0 eng d | ||
| 040 |
_aGCL / _cGCL |
||
| 082 | 0 | 4 |
_a910.02 _bS I |
| 100 | 1 | _aSTRAHLER ALAN | |
| 245 | 1 | 0 |
_aINTRODUCING PHYSICAL GEOGRAPHY / _cSTRAHLER ALAN |
| 700 | 1 | _aSTRAHLER ARTHUR | |
| 260 |
_a[S.N] : _bJOHN WILEY AND SONS. INC ، _c1994 |
||
| 300 | _a564 P | ||
| 650 | 0 | 4 | _aPHYSICAL |
| 942 |
_2ddc _cBK |
||
| 999 |
_c24284 _d24284 |
||